Riadiaca jednotka manipulátorov pre diagnostiku jadrových energetických zariadení

Bibliographic Details
Main Authors: Škvarenina, Marián (Author), Zachar, Pavol (Author), Behan, Juraj (Author)
Format: Article
Language:Slovak
PhysicalDescription:Sch. 1.
Subjects:

MARC

LEADER 00000nab a2200000 a 4500
001 vtls000330677
003 SK-MaSNL
005 20260303212321.0
008 111202c1987 xo 0 slo
015 |a SNBRA19rr/mm-uuuuu 
035 |a CL0330799 
040 |a SNKBUCL  |b slo  |c SNKBUCL  |e AACR2 
041 0 |a slo 
044 |a xo  |c SK 
080 |a 621.039.5:621.311.25:681.326.3:681.518.3:007.52  |2 1981 
080 |a 621.311.25  |2 1981 
080 |a 681.326.3  |2 1981 
080 |a 681.518.3  |2 1981 
080 |a 007.52  |2 1981 
100 1 |a Škvarenina, Marián  |4 aut  |9 1244935 
245 1 0 |a Riadiaca jednotka manipulátorov pre diagnostiku jadrových energetických zariadení  |c Marián Škvarenina, Pavol Zachar, Juraj Behan 
300 |b Sch. 1. 
650 0 7 |a energetické zariadenia  |2 snkbucl  |9 69243 
650 0 7 |a diagnostické manipulátory  |2 snkbucl  |9 1244936 
650 0 7 |a jednotky riadiace  |2 snkbucl  |9 1244937 
650 0 7 |a počítače SMEP  |2 snkbucl  |9 166498 
655 7 |a články zo zborníkov  |2 snkbucl  |9 166140 
700 1 |a Zachar, Pavol  |4 aut  |9 771910 
700 1 |a Behan, Juraj  |4 aut  |9 1244938 
773 0 |t SMEP 87. 2  |d Bratislava : Dom techniky ČSVTS, 1987  |g S. 80-83 
850 |a Slovenská národná knižnica v Martine  |a MTA001 
852 |a SNK  |b KIS3GCP 
958 |a RK 
992 |a RZB 
999 |c 2206721  |d 2208651